Online
Catalog
Normal view MARC view

Entry Nombre corporativo

Number of records used in: 1

001 - NÚMERO DE CONTROL

  • campo de control: 89240

003 - IDENTIFICADOR DEL NÚMERO DE CONTROL

  • campo de control: DO-SdBNP

005 - FECHA Y HORA DE LA ÚLTIMA TRANSACCIÓN

  • campo de control: 20260318133640.0

008 - DATOS DE LONGITUD FIJA

  • campo de control de longitud fija: 260318|| aca||aabn | a|a d

040 ## - FUENTE DE LA CATALOGACIÓN

  • Centro catalogador/agencia de origen: DO-SdBNP
  • Centro/agencia transcriptor: DO-SdBNP

110 ## - ENCABEZAMIENTO-NOMBRE DE ENTIDAD CORPORATIVA

  • Nombre de entidad corporativa o nombre de jurisdicción como elemento de entrada: Comisión de Vigilancia de la Atención Integral en Salud a la Violencia Contra las Mujeres y Violencia Intra Familiar del Hospital Dr. Luis Aybar

670 ## - FUENTE DE DATOS ENCONTRADOS

  • Cita de la fuente: Work cat.: (DO-SdBNP)60391: Comisión de Vigilancia de la Atención Integral en Salud a la Violencia Contra las Mujeres y Violencia Intra Familiar del Hospital Dr. Luis Aybar., Atención en salud a la violencia contra las mujeres y violencia intrafamiliar en el Hospital Dr. Luis E. Aybar :

Powered by Koha